[Event "16th IBM tournament"]
[Site "Amsterdam NED"]
[Date "1976.??.??"]
[Round "1"]
[White "Farago, Ivan"]
[Black "Miles, Anthony John"]
[WhiteElo "2420"]
[BlackElo "2510"]
[Result "1/2-1/2"]
[EventDate "1976.07.??"]
[PlyCount "58"]

1.d4 Nf6 2.c4 c5 3.d5 b5 4.cxb5 a6 5.e3 g6 6.Nc3 d6 7.e4 Bg7 8.Bd2 O-O 9.
a4 e6 10.dxe6 fxe6 11.e5 dxe5 12.Be3 Qe7 13.Nf3 Bb7 14.Be2 e4 15.Nd2 Nd5 
16.O-O axb5 17.Bxb5 Rd8 18.Qe2 Nxc3 19.bxc3 Bxc3 20.Rac1 Bxd2 21.Bxd2 Nc6 
22.Bxc6 Bxc6 23.Be3 Rd5 24.Qc4 Rxa4 25.Bxc5 Qd7 26.Qb3 Bb5 27.Rfe1 Rd3 28.
Qb2 Bc6 29.Be3 Ra8 1/2-1/2

[Event "16th IBM tournament"]
[Site "Amsterdam NED"]
[Date "1976.??.??"]
[Round "1"]
[White "Gipslis, Aivars"]
[Black "Sax, Gyula"]
[WhiteElo "2535"]
[BlackElo "2530"]
[Result "1/2-1/2"]
[EventDate "1976.07.??"]
[PlyCount "43"]

1.e4 c5 2.Nf3 e6 3.d4 cxd4 4.Nxd4 Nf6 5.Nc3 d6 6.g4 h6 7.g5 hxg5 8.Bxg5 
Nc6 9.Qd2 Qb6 10.Nb3 Ne5 11.Qe2 Qc7 12.h4 Bd7 13.O-O-O Rc8 14.h5 Nc4 15.
Rh3 b5 16.h6 b4 17.Nd5 exd5 18.exd5+ Ne5 19.f4 Bg4 20.Qb5+ Bd7 21.Qe2 Bg4 
22.Qb5+ 1/2-1/2

[Event "16th IBM tournament"]
[Site "Amsterdam NED"]
[Date "1976.??.??"]
[Round "1"]
[White "Ivkov, Borislav"]
[Black "Velimirovic, Dragoljub"]
[WhiteElo "2520"]
[BlackElo "2525"]
[Result "1/2-1/2"]
[EventDate "1976.07.??"]
[PlyCount "26"]

1.Nf3 c5 2.g3 Nc6 3.Bg2 g6 4.c4 Bg7 5.Nc3 d6 6.d3 Nf6 7.Bd2 a6 8.a3 Rb8 9.
b4 cxb4 10.axb4 b5 11.cxb5 axb5 12.O-O O-O 13.Qb1 d5 1/2-1/2

[Event "16th IBM tournament"]
[Site "Amsterdam NED"]
[Date "1976.??.??"]
[Round "1"]
[White "Langeweg, Christian"]
[Black "Ligterink, Gert"]
[WhiteElo "2450"]
[BlackElo "2400"]
[Result "0-1"]
[EventDate "1976.07.??"]
[PlyCount "64"]

1.Nf3 Nf6 2.c4 g6 3.Nc3 Bg7 4.e4 d6 5.d4 O-O 6.Be2 e5 7.O-O Nc6 8.d5 Ne7 
9.Nd2 a5 10.b3 Nd7 11.Ba3 Nc5 12.b4 axb4 13.Bxb4 Na6 14.Ba3 f5 15.Nb3 b6 
16.Bb2 Nc5 17.Nxc5 bxc5 18.a4 Kh8 19.Ra3 Ng8 20.a5 Nf6 21.exf5 gxf5 22.Qc2
Qe7 23.f4 exf4 24.Rxf4 Ng4 25.Nd1 Ne5 26.Bd3 Bh6 27.Rf1 f4 28.Qe2 Bg7 29.
Qd2 f3 30.Bxe5 Bxe5 31.Rxf3 Rxf3 32.gxf3 Bh3 0-1

[Event "16th IBM tournament"]
[Site "Amsterdam NED"]
[Date "1976.??.??"]
[Round "1"]
[White "Olafsson, Fridrik"]
[Black "Donner, Jan"]
[WhiteElo "2550"]
[BlackElo "2475"]
[Result "1-0"]
[EventDate "1976.07.??"]
[PlyCount "59"]

1.c4 Nf6 2.Nc3 e6 3.Nf3 d5 4.d4 Be7 5.g3 O-O 6.Bg2 dxc4 7.Ne5 c5 8.dxc5 
Qxd1+ 9.Nxd1 Bxc5 10.Nxc4 Nc6 11.O-O Bd7 12.Nc3 Rad8 13.Bf4 b6 14.Rfd1 Ne7
15.Ne5 Bc8 16.Nd3 Nfd5 17.Nxc5 Nxf4 18.gxf4 bxc5 19.e3 Ba6 20.Ne4 c4 21.
Nc5 Bb5 22.Rac1 Nd5 23.a4 Rc8 24.Nxe6 fxe6 25.axb5 Rc5 26.Rd4 Rfc8 27.f5 
Nb6 28.fxe6 Re8 29.Rd6 Re5 30.Ra1 1-0

[Event "16th IBM tournament"]
[Site "Amsterdam NED"]
[Date "1976.??.??"]
[Round "1"]
[White "Ree, Hans"]
[Black "Korchnoi, Viktor"]
[WhiteElo "2420"]
[BlackElo "2670"]
[Result "1/2-1/2"]
[EventDate "1976.07.??"]
[PlyCount "65"]

1.c4 Nf6 2.Nc3 e6 3.Nf3 Bb4 4.Qc2 O-O 5.a3 Bxc3 6.Qxc3 b6 7.e3 Bb7 8.Be2 
Ne4 9.Qc2 f5 10.b3 d6 11.Bb2 Nd7 12.Nd4 Qe7 13.d3 Nef6 14.O-O Rae8 15.Rae1
c5 16.Bf3 Bxf3 17.Nxf3 e5 18.Nd2 Qe6 19.f3 Rf7 20.Bc3 Nf8 21.d4 Ng6 22.
dxe5 dxe5 23.Rd1 Rd7 24.Rfe1 Red8 25.Nf1 Kf7 26.Ng3 Ne7 27.Rxd7 Rxd7 28.f4
e4 29.Rd1 Rxd1+ 30.Qxd1 Qd7 31.Qxd7 Nxd7 32.Kf2 Nf6 33.h3 1/2-1/2

[Event "16th IBM tournament"]
[Site "Amsterdam NED"]
[Date "1976.??.??"]
[Round "1"]
[White "Sigurjonsson, Gudmundur"]
[Black "Boehm, Hans"]
[WhiteElo "2530"]
[BlackElo "2425"]
[Result "1-0"]
[EventDate "1976.07.??"]
[PlyCount "83"]

1.e4 c6 2.d4 d5 3.exd5 cxd5 4.c4 Nf6 5.Nc3 e6 6.Nf3 Be7 7.cxd5 Nxd5 8.Bd3 
Nc6 9.O-O O-O 10.Re1 Nf6 11.a3 b6 12.Bc2 Bb7 13.Qd3 g6 14.Bh6 Re8 15.Rad1 
Bf8 16.Bg5 Be7 17.Ba4 Rc8 18.Ne5 Nd5 19.Bxe7 Rxe7 20.Nxd5 Qxd5 21.Qg3 Nxe5
22.dxe5 Qc4 23.Qg5 Qc7 24.h4 h5 25.Rc1 Qd8 26.Rxc8 Bxc8 27.Rd1 Qc7 28.Rc1 
Qd8 29.Rd1 Qc7 30.Bc6 Ba6 31.b3 Be2 32.Rd6 Bg4 33.b4 a6 34.a4 Bf5 35.g3 
Kg7 36.b5 axb5 37.axb5 Kg8 38.Kg2 Bg4 39.Kh2 Bf5 40.Kg2 Bg4 41.Rd4 Kh7 42.
Qf6 1-0

[Event "16th IBM tournament"]
[Site "Amsterdam NED"]
[Date "1976.??.??"]
[Round "2"]
[White "Boehm, Hans"]
[Black "Langeweg, Christian"]
[WhiteElo "2425"]
[BlackElo "2450"]
[Result "1-0"]
[EventDate "1976.07.??"]
[PlyCount "45"]

1.e4 c5 2.c4 Nc6 3.Nc3 g6 4.g3 Bg7 5.Bg2 d6 6.d3 Nf6 7.Nge2 O-O 8.Bg5 a6 
9.Qd2 Rb8 10.Bh6 Bxh6 11.Qxh6 b5 12.b3 Nd4 13.O-O Ng4 14.Qd2 Qa5 15.Rac1 
Ne5 16.f4 Bg4 17.Nxd4 cxd4 18.fxe5 dxc3 19.Qg5 Be2 20.Rf2 Qb6 21.exd6 bxc4
22.dxc4 Qd4 23.dxe7 1-0

[Event "16th IBM tournament"]
[Site "Amsterdam NED"]
[Date "1976.??.??"]
[Round "2"]
[White "Donner, Jan"]
[Black "Gipslis, Aivars"]
[WhiteElo "2475"]
[BlackElo "2535"]
[Result "1/2-1/2"]
[EventDate "1976.07.??"]
[PlyCount "139"]

1.d4 Nf6 2.c4 g6 3.g3 c6 4.Bg2 d5 5.cxd5 cxd5 6.Nf3 Bg7 7.Nc3 O-O 8.Ne5 
Nc6 9.O-O e6 10.Nxc6 bxc6 11.Bf4 Nd7 12.Na4 Ba6 13.Rc1 Qa5 14.b3 Rfc8 15.
Bd6 Bb5 16.Nc3 Qb6 17.Bc5 Nxc5 18.dxc5 Qxc5 19.Nxd5 Qa3 20.Nc3 Bxc3 21.
Rxc3 Qxa2 22.Qc2 Qxc2 23.Rxc2 Rc7 24.Rfc1 Rd8 25.e3 Rd3 26.Bxc6 Rxb3 27.
Bxb5 Rxc2 28.Rxc2 Rxb5 29.Rc7 Ra5 30.g4 h5 31.gxh5 gxh5 32.Kg2 Kg7 33.Kg3 
Kg6 34.h4 Ra3 35.f3 Rxe3 36.Rxa7 e5 37.Ra6+ f6 38.Kf2 Rb3 39.Kg2 Rb2+ 40.
Kg3 Rb4 41.Re6 Kf5 42.Ra6 Rb8 43.Rc6 Re8 44.Ra6 Re6 45.Ra8 Rc6 46.Rh8 Kg6 
47.Rg8+ Kh7 48.Re8 Kg7 49.Re7+ Kg6 50.Re8 Rc3 51.Kf2 Kf5 52.Rf8 Ra3 53.Kg2
Ra6 54.Kg3 Ra7 55.Kg2 Rb7 56.Kg3 Re7 57.Kg2 e4 58.fxe4+ Rxe4 59.Kg3 Re3+ 
60.Kg2 Ra3 61.Rb8 Re3 62.Rf8 Rd3 63.Rf7 Ke5 64.Rh7 Kf4 65.Rxh5 Rd2+ 66.Kh3
Rd3+ 67.Kg2 Kg4 68.Ra5 Rd2+ 69.Kf1 Kxh4 70.Ra3 1/2-1/2

[Event "16th IBM tournament"]
[Site "Amsterdam NED"]
[Date "1976.??.??"]
[Round "2"]
[White "Korchnoi, Viktor"]
[Black "Velimirovic, Dragoljub"]
[WhiteElo "2670"]
[BlackElo "2525"]
[Result "1-0"]
[EventDate "1976.07.??"]
[PlyCount "93"]

1.d4 Nf6 2.c4 c5 3.d5 g6 4.Nc3 d6 5.e4 Bg7 6.Nf3 O-O 7.Be2 e5 8.Bg5 h6 9.
Bd2 Nbd7 10.g3 Nh5 11.Qc1 Kh7 12.h4 Ndf6 13.Nh2 Qe7 14.Be3 Bd7 15.Qc2 a6 
16.a4 Rab8 17.Kd2 Ne8 18.Qd1 Nc7 19.Kc1 b5 20.Bxh5 gxh5 21.Qxh5 f5 22.axb5
axb5 23.Ra7 b4 24.Nb1 Qd8 25.Bg5 Qc8 26.Be7 Ra8 27.Rxa8 Qxa8 28.Bxf8 Qxf8 
29.Qf3 Ne8 30.Nd2 Nf6 31.Re1 Qa8 32.Kb1 Qc8 33.Qd3 fxe4 34.Nxe4 Bf5 35.g4 
Nxe4 36.Rxe4 Bxe4 37.Qxe4+ Kg8 38.Nf3 Qd7 39.b3 Qe7 40.h5 Qa7 41.Nd2 Qa3 
42.Qc2 Qa8 43.Ne4 Qd8 44.Qd3 Qf8 45.Qg3 Kh8 46.Kc2 Qa8 47.Qf3 1-0

[Event "16th IBM tournament"]
[Site "Amsterdam NED"]
[Date "1976.??.??"]
[Round "2"]
[White "Ligterink, Gert"]
[Black "Kurajica, Bojan"]
[WhiteElo "2400"]
[BlackElo "2525"]
[Result "1/2-1/2"]
[EventDate "1976.07.??"]
[PlyCount "115"]

1.e4 e5 2.Nf3 Nc6 3.Bb5 a6 4.Bxc6 dxc6 5.O-O Qe7 6.d4 exd4 7.Qxd4 Qd6 8.
Qe3 Ne7 9.Nc3 Ng6 10.e5 Qe6 11.Re1 Be7 12.Nd4 Qd7 13.e6 fxe6 14.Nxe6 Qxe6 
15.Qxe6 Bxe6 16.Rxe6 O-O-O 17.Re1 Bb4 18.Be3 b6 19.Rad1 Ne7 20.Rxd8+ Rxd8 
21.Bg5 Rd7 22.Bxe7 Bxe7 23.Ne4 Rd5 24.f4 Rb5 25.b3 Ra5 26.a4 b5 27.axb5 
cxb5 28.Kf2 Ra2 29.Re2 Ra1 30.Ke3 a5 31.Kd4 a4 32.bxa4 bxa4 33.Nc5 Kd8 34.
Ne6+ Kd7 35.Nc5+ Ke8 36.Ne6 a3 37.Nxc7+ Kd7 38.Nd5 Rd1+ 39.Kc4 Rxd5 40.
Kxd5 a2 41.Re1 Bf6 42.g4 a1=Q 43.Rxa1 Bxa1 44.h4 Bc3 45.h5 Ke7 46.Ke4 Ke6 
47.Kd3 Bb2 48.Ke4 Bc1 49.c4 Ba3 50.Kd4 Kd6 51.Ke4 Ke6 52.Kd4 Bd6 53.Ke4 
Bc5 54.Kf3 Ba7 55.Ke4 Bb6 56.Kf3 Kd6 57.Ke4 Kc5 58.h6 1/2-1/2

[Event "16th IBM tournament"]
[Site "Amsterdam NED"]
[Date "1976.??.??"]
[Round "2"]
[White "Sax, Gyula"]
[Black "Ivkov, Borislav"]
[WhiteElo "2530"]
[BlackElo "2520"]
[Result "1/2-1/2"]
[EventDate "1976.07.??"]
[PlyCount "102"]

1.e4 e5 2.Nf3 Nc6 3.Bc4 Be7 4.d4 d6 5.h3 Nxd4 6.Nxd4 exd4 7.Qh5 g6 8.Qd5 
Be6 9.Qxb7 Nf6 10.Bxe6 fxe6 11.Qc6+ Kf7 12.Nd2 Qd7 13.Qc4 c5 14.O-O d5 15.
exd5 exd5 16.Qd3 Qf5 17.Nf3 Qxd3 18.Ng5+ Kg7 19.cxd3 Bd6 20.b3 Rhe8 21.Ba3
Nd7 22.Nf3 Bf8 23.Rfe1 Kf6 24.Rac1 a5 25.Kf1 h6 26.Rc2 Rxe1+ 27.Kxe1 Ra6 
28.Bc1 a4 29.b4 cxb4 30.Bb2 b3 31.Bxd4+ Ke6 32.axb3 axb3 33.Re2+ Kf7 34.
Rb2 Nc5 35.Ne5+ Kg8 36.Bxc5 Bxc5 37.Rxb3 Re6 38.f4 Bd4 39.Rb8+ Kg7 40.Rb7+
Kg8 41.Rd7 Bxe5 42.fxe5 Rxe5+ 43.Kf2 h5 44.g4 hxg4 45.hxg4 Kf8 46.Kf3 g5 
47.d4 Re4 48.Rxd5 Rf4+ 49.Kg3 Ke7 50.Rxg5 Rxd4 51.Rf5 Rd8 1/2-1/2

[Event "16th IBM tournament"]
[Site "Amsterdam NED"]
[Date "1976.??.??"]
[Round "3"]
[White "Gipslis, Aivars"]
[Black "Szabo, Laszlo"]
[WhiteElo "2535"]
[BlackElo "2525"]
[Result "1/2-1/2"]
[EventDate "1976.07.??"]
[PlyCount "43"]

1.e4 e5 2.Nf3 Nc6 3.Bb5 a6 4.Ba4 Nf6 5.d4 exd4 6.O-O Be7 7.Re1 O-O 8.e5 
Ne8 9.Bf4 f6 10.Bxc6 bxc6 11.Qxd4 Rb8 12.Nbd2 Rb4 13.c4 c5 14.Qe3 Rb6 15.
Rad1 Re6 16.Ne4 Bb7 17.Bg3 fxe5 18.Nxe5 Qc8 19.Qd3 d6 20.Nf3 Nf6 21.Nfg5 
Rxe4 22.Nxe4 1/2-1/2

[Event "16th IBM tournament"]
[Site "Amsterdam NED"]
[Date "1976.??.??"]
[Round "3"]
[White "Ivkov, Borislav"]
[Black "Donner, Jan"]
[WhiteElo "2520"]
[BlackElo "2475"]
[Result "1/2-1/2"]
[EventDate "1976.07.??"]
[PlyCount "115"]

1.Nf3 d5 2.c4 e6 3.g3 Nf6 4.Bg2 Be7 5.O-O O-O 6.d4 dxc4 7.Ne5 Nc6 8.Nxc6 
bxc6 9.Bxc6 Rb8 10.Nc3 Nd5 11.Qa4 Nb4 12.Bg2 Rb6 13.a3 Ra6 14.Qb5 Nc2 15.
Rb1 Nxd4 16.Qxc4 c5 17.b4 cxb4 18.axb4 Nf5 19.Rd1 Rd6 20.Bf4 Rxd1+ 21.Rxd1
Qb6 22.b5 Rd8 23.Rxd8+ Qxd8 24.Bb8 Bb7 25.Bxa7 Bxg2 26.Kxg2 Qa8+ 27.e4 
Nh4+ 28.gxh4 Qxa7 29.Qc8+ Bf8 30.Qc6 Bc5 31.e5 h6 32.Ne4 Bd4 33.Qd6 Qa1 
34.b6 Bxe5 35.Qb4 Qd1 36.Qb5 Qg4+ 37.Ng3 Qf4 38.h5 Bb8 39.b7 Ba7 40.Qb2 
Kh7 41.Qa2 Bb8 42.Qc2+ Kg8 43.Qc8+ Kh7 44.Qc5 Kg8 45.h3 Bd6 46.Qc8+ Kh7 
47.Qc2+ Kg8 48.Qc6 Bb8 49.Kf1 Ba7 50.Ne4 Qf3 51.Qa4 Bb8 52.Qe8+ Kh7 53.
Nf6+ gxf6 54.Qxf7+ Kh8 55.Qf8+ Kh7 56.Qf7+ Kh8 57.Qe8+ Kg7 58.Qe7+ 1/2-1/2

[Event "16th IBM tournament"]
[Site "Amsterdam NED"]
[Date "1976.??.??"]
[Round "3"]
[White "Kurajica, Bojan"]
[Black "Boehm, Hans"]
[WhiteElo "2525"]
[BlackElo "2425"]
[Result "1-0"]
[EventDate "1976.07.??"]
[PlyCount "73"]

1.e4 c6 2.d3 d5 3.Nd2 dxe4 4.dxe4 e5 5.Ngf3 Qc7 6.a4 Bg4 7.c3 Nf6 8.h3 Bh5
9.Qc2 Nbd7 10.a5 Be7 11.Nh4 Bg6 12.Bc4 Nc5 13.Nxg6 hxg6 14.b4 Ncd7 15.Nf3 
Nh5 16.h4 b5 17.axb6 Nxb6 18.Qb3 O-O 19.O-O Rad8 20.g3 c5 21.b5 Nf6 22.Ng5
Nxc4 23.Qxc4 Nd7 24.Qa4 Ra8 25.Rd1 Nb6 26.Qa2 c4 27.Be3 Rfc8 28.Qe2 Nd7 
29.Ra6 Qb7 30.Rd5 Nc5 31.Bxc5 Bxc5 32.Qg4 Bb6 33.h5 Qe7 34.hxg6 fxg6 35.
Qh4 Qf6 36.Rxb6 axb6 37.Rd7 1-0

[Event "16th IBM tournament"]
[Site "Amsterdam NED"]
[Date "1976.??.??"]
[Round "3"]
[White "Langeweg, Christian"]
[Black "Miles, Anthony John"]
[WhiteElo "2450"]
[BlackElo "2510"]
[Result "0-1"]
[EventDate "1976.07.??"]
[PlyCount "70"]

1.Nf3 c5 2.c4 Nf6 3.Nc3 e6 4.g3 Be7 5.Bg2 a6 6.d4 cxd4 7.Nxd4 Qc7 8.b3 d5 
9.O-O dxc4 10.bxc4 O-O 11.Qb3 Nbd7 12.Na4 Nc5 13.Nxc5 Bxc5 14.Qc3 Bd7 15.
Bb2 Rfc8 16.Rac1 Bf8 17.Qb3 Rab8 18.Nf3 Ne4 19.Qc2 Nc5 20.Ng5 f5 21.Nf3 
Bc6 22.Ne5 Bxg2 23.Kxg2 Rd8 24.Rfd1 Be7 25.Nd3 Rbc8 26.Nxc5 Qxc5 27.Qb3 
Qc6+ 28.f3 Bg5 29.Qc3 Bf6 30.Qb3 Rxd1 31.Rxd1 Qxc4 32.Bxf6 Qxe2+ 33.Kh3 
Rc2 34.Rd8+ Kf7 35.Qxb7+ Kxf6 0-1

[Event "16th IBM tournament"]
[Site "Amsterdam NED"]
[Date "1976.??.??"]
[Round "3"]
[White "Olafsson, Fridrik"]
[Black "Ligterink, Gert"]
[WhiteElo "2550"]
[BlackElo "2400"]
[Result "1/2-1/2"]
[EventDate "1976.07.??"]
[PlyCount "25"]

1.e4 c5 2.Nf3 e6 3.d4 cxd4 4.Nxd4 Nf6 5.Nc3 Nc6 6.Bc4 Qc7 7.Bb3 Nxe4 8.
Nxe6 dxe6 9.Nxe4 Qe5 10.Qe2 Nd4 11.Qe3 Nxb3 12.axb3 Be7 13.Nc3 1/2-1/2

[Event "16th IBM tournament"]
[Site "Amsterdam NED"]
[Date "1976.??.??"]
[Round "3"]
[White "Sigurjonsson, Gudmundur"]
[Black "Ree, Hans"]
[WhiteElo "2530"]
[BlackElo "2420"]
[Result "1/2-1/2"]
[EventDate "1976.07.??"]
[PlyCount "29"]

1.e4 e5 2.Nf3 Nc6 3.Bb5 Nf6 4.O-O Nxe4 5.d4 Nd6 6.Bg5 Be7 7.Bxe7 Qxe7 8.
Bxc6 dxc6 9.dxe5 Nf5 10.Nc3 Nh4 11.Nxh4 Qxh4 12.Qf3 O-O 13.Rfe1 Qg5 14.Re3
Bf5 15.Qe2 1/2-1/2

[Event "16th IBM tournament"]
[Site "Amsterdam NED"]
[Date "1976.??.??"]
[Round "3"]
[White "Velimirovic, Dragoljub"]
[Black "Sax, Gyula"]
[WhiteElo "2525"]
[BlackElo "2530"]
[Result "1-0"]
[EventDate "1976.07.??"]
[PlyCount "93"]

1.e4 c5 2.Nf3 e6 3.c3 Nf6 4.e5 Nd5 5.d4 cxd4 6.cxd4 d6 7.a3 Nc6 8.Bd3 Qa5+
9.Bd2 Qb6 10.Nc3 Nxc3 11.Bxc3 dxe5 12.dxe5 Bd7 13.O-O h6 14.Qe2 Ne7 15.Bd4
Qd8 16.b4 Nd5 17.Be4 Ba4 18.Rfc1 Be7 19.Bc5 Bxc5 20.Rxc5 b6 21.Bxd5 bxc5 
22.Bxa8 Qxa8 23.Qc4 Qd5 24.Rc1 Qxc4 25.Rxc4 O-O 26.bxc5 Bb5 27.Rb4 Bc6 28.
Nd4 Rd8 29.f3 Bd5 30.Kf2 Rc8 31.Rb5 a6 32.Ra5 Bc4 33.c6 Kf8 34.h4 Ke8 35.
h5 Kd8 36.Ra4 Bd3 37.Nxe6+ fxe6 38.Rd4+ Ke7 39.Rd7+ Ke8 40.Rxd3 Rxc6 41.
Rd6 Rxd6 42.exd6 Kd7 43.Ke3 Kxd6 44.Ke4 Kc5 45.Ke5 Kc4 46.Kxe6 Kb3 47.Kf7 
1-0

[Event "16th IBM tournament"]
[Site "Amsterdam NED"]
[Date "1976.??.??"]
[Round "4"]
[White "Boehm, Hans"]
[Black "Olafsson, Fridrik"]
[WhiteElo "2425"]
[BlackElo "2550"]
[Result "1-0"]
[EventDate "1976.07.??"]
[PlyCount "60"]

1.d4 d5 2.Nf3 Nf6 3.Bg5 e6 4.e3 c5 5.c3 Qb6 6.Bxf6 gxf6 7.Qc2 Nc6 8.Nbd2 
Bd7 9.Be2 f5 10.O-O Rc8 11.Rac1 Bd6 12.c4 cxd4 13.cxd5 exd5 14.exd4 Nxd4 
15.Qd3 Rxc1 16.Rxc1 Ne6 17.g3 f4 18.Qxd5 fxg3 19.Ne4 gxf2+ 20.Kf1 Ke7 21.
Rd1 Rg8 22.Qxd6+ Qxd6 23.Rxd6 Bc6 24.Nfd2 Rg1+ 25.Kxf2 Rh1 26.Bf3 Ra1 27.
a3 f5 28.Rxe6+ Kxe6 29.Nc5+ Ke5 30.Nc4+ Kf4 1-0

[Event "16th IBM tournament"]
[Site "Amsterdam NED"]
[Date "1976.??.??"]
[Round "4"]
[White "Donner, Jan"]
[Black "Velimirovic, Dragoljub"]
[WhiteElo "2475"]
[BlackElo "2525"]
[Result "1-0"]
[EventDate "1976.07.??"]
[PlyCount "63"]

1.d4 Nf6 2.c4 c5 3.d5 e6 4.Nc3 exd5 5.cxd5 g6 6.Nf3 Bg7 7.e4 d6 8.Be2 O-O 
9.O-O Re8 10.Nd2 Nbd7 11.Qc2 Ne5 12.a4 a6 13.Ra3 Qe7 14.h3 g5 15.Nf3 g4 
16.hxg4 Bxg4 17.Nh2 Bd7 18.Re1 Rac8 19.Rb3 b5 20.axb5 axb5 21.Rxb5 Bxb5 
22.Bxb5 Nfg4 23.Nf1 c4 24.Bxe8 Rxe8 25.Nd1 Qh4 26.Re2 Ng6 27.Qxc4 Be5 28.
g3 Qh3 29.f3 Bxg3 30.fxg4 Nh4 31.Qc3 Rxe4 32.Nxg3 1-0

[Event "16th IBM tournament"]
[Site "Amsterdam NED"]
[Date "1976.??.??"]
[Round "4"]
[White "Farago, Ivan"]
[Black "Sigurjonsson, Gudmundur"]
[WhiteElo "2420"]
[BlackElo "2530"]
[Result "1-0"]
[EventDate "1976.07.??"]
[PlyCount "69"]

1.d4 Nf6 2.c4 g6 3.Nc3 Bg7 4.Bf4 O-O 5.Nf3 d6 6.e3 c6 7.Be2 a6 8.O-O b5 9.
Rc1 Nbd7 10.Qc2 Bb7 11.e4 Qa5 12.h3 e5 13.dxe5 dxe5 14.Be3 b4 15.Na4 Nxe4 
16.Qxe4 Qxa4 17.c5 Nf6 18.Qh4 Nd5 19.Ng5 h6 20.Ne4 f5 21.Nd6 g5 22.Qh5 Bc8
23.Bc4 Be6 24.h4 f4 25.hxg5 hxg5 26.Ne4 Bf7 27.Qxg5 fxe3 28.Ng3 Ra7 29.
fxe3 Qa5 30.Nf5 Be6 31.Nh6+ Kh8 32.Rxf8+ Bxf8 33.Qxe5+ Bg7 34.Qxe6 Qxc5 
35.Qg8# 1-0

[Event "16th IBM tournament"]
[Site "Amsterdam NED"]
[Date "1976.??.??"]
[Round "4"]
[White "Ligterink, Gert"]
[Black "Gipslis, Aivars"]
[WhiteElo "2400"]
[BlackElo "2535"]
[Result "1/2-1/2"]
[EventDate "1976.07.??"]
[PlyCount "58"]

1.e4 Nf6 2.e5 Nd5 3.d4 d6 4.c4 Nb6 5.f4 dxe5 6.fxe5 Nc6 7.Be3 Bf5 8.Nc3 e6
9.Nf3 Qd7 10.Be2 O-O-O 11.O-O Bg4 12.c5 Nd5 13.Nxd5 Qxd5 14.Ng5 Bxe2 15.
Qxe2 Nxd4 16.Bxd4 Qxd4+ 17.Kh1 Qd2 18.Qxd2 Rxd2 19.Rxf7 Bxc5 20.Nxe6 Bd4 
21.Nxd4 Rxd4 22.Rxg7 h5 23.Rc1 c6 24.Rf1 Re4 25.h3 Rxe5 26.Rff7 Rb5 27.b3 
a5 28.Kg1 Kb8 29.g4 hxg4 1/2-1/2

[Event "16th IBM tournament"]
[Site "Amsterdam NED"]
[Date "1976.??.??"]
[Round "4"]
[White "Ree, Hans"]
[Black "Langeweg, Christian"]
[WhiteElo "2420"]
[BlackElo "2450"]
[Result "1-0"]
[EventDate "1976.07.??"]
[PlyCount "37"]

1.e4 c5 2.Nf3 e6 3.c3 Nf6 4.e5 Nd5 5.d4 cxd4 6.cxd4 d6 7.a3 Bd7 8.Bd3 Bc6 
9.O-O Nd7 10.Re1 Be7 11.exd6 Bxd6 12.Nbd2 O-O 13.Nc4 Be7 14.Nfe5 Rc8 15.
Bd2 Bb5 16.Qb3 Ba6 17.Ba5 Qe8 18.Rac1 f6 19.Bxh7+ 1-0

[Event "16th IBM tournament"]
[Site "Amsterdam NED"]
[Date "1976.??.??"]
[Round "4"]
[White "Szabo, Laszlo"]
[Black "Ivkov, Borislav"]
[WhiteElo "2525"]
[BlackElo "2520"]
[Result "1/2-1/2"]
[EventDate "1976.07.??"]
[PlyCount "53"]

1.Nf3 Nf6 2.c4 e6 3.Nc3 c5 4.g3 b6 5.Bg2 Bb7 6.O-O Be7 7.d4 cxd4 8.Qxd4 
Nc6 9.Qf4 Qb8 10.Rd1 O-O 11.Qxb8 Raxb8 12.Bf4 Rbc8 13.Bd6 Bxd6 14.Rxd6 
Rfd8 15.Rad1 Kf8 16.b3 Ke7 17.Ng5 h6 18.Nge4 Nxe4 19.Bxe4 Na5 20.Bxb7 Nxb7
21.R6d3 Nc5 22.Re3 Rc6 23.Nb5 a6 24.Nd4 Rc7 25.Nf5+ Kf8 26.Nd6 Ke7 27.Nf5+
1/2-1/2

[Event "16th IBM tournament"]
[Site "Amsterdam NED"]
[Date "1976.??.??"]
[Round "5"]
[White "Kurajica, Bojan"]
[Black "Ree, Hans"]
[WhiteElo "2525"]
[BlackElo "2420"]
[Result "1/2-1/2"]
[EventDate "1976.07.??"]
[PlyCount "111"]

1.e4 e5 2.Nf3 Nc6 3.Bb5 g6 4.O-O Bg7 5.c3 d6 6.d4 Bd7 7.dxe5 dxe5 8.Bg5 
Nge7 9.Qc1 O-O 10.Na3 Qe8 11.Bh6 a6 12.Ba4 Nc8 13.Re1 Nb6 14.Bb3 Na5 15.
Bd5 Bg4 16.Bxg7 Kxg7 17.Nd2 Rd8 18.b4 Nc6 19.Ndc4 Nxc4 20.Nxc4 f6 21.Qe3 
Bd7 22.a4 Rb8 23.Nb2 Nd8 24.a5 Be6 25.Nd3 c6 26.Qa7 Nf7 27.Bxe6 Qxe6 28.
Nc5 Qe7 29.Rad1 Nd6 30.Nxa6 Ra8 31.Qc5 Rfd8 32.Rd3 Kf7 33.Red1 Nxe4 34.
Qc4+ Kf8 35.Qxe4 Rxd3 36.Rxd3 Rxa6 37.Qg4 f5 38.Qd1 Ke8 39.Qb3 Kf8 40.Qd1 
Ke8 41.Re3 Kf7 42.Qe2 Kf6 43.Qc4 f4 44.Rd3 Ra8 45.h3 Rd8 46.Rxd8 Qxd8 47.
a6 Qb6 48.axb7 Qxb7 49.Qd3 Ke7 50.g3 Qb5 51.Qe4 fxg3 52.fxg3 Kd6 53.Kf2 
Qd5 54.Ke3 Qb3 55.Qd3+ Ke6 56.Ke2 1/2-1/2

[Event "16th IBM tournament"]
[Site "Amsterdam NED"]
[Date "1976.??.??"]
[Round "5"]
[White "Langeweg, Christian"]
[Black "Farago, Ivan"]
[WhiteElo "2450"]
[BlackElo "2420"]
[Result "1/2-1/2"]
[EventDate "1976.07.??"]
[PlyCount "56"]

1.Nf3 d5 2.c4 e6 3.d4 Nf6 4.Nc3 c5 5.cxd5 Nxd5 6.e3 Nc6 7.Bc4 cxd4 8.exd4 
Be7 9.O-O O-O 10.Re1 Nxc3 11.bxc3 b6 12.Bd3 Bb7 13.Qc2 g6 14.Bh6 Re8 15.
Qd2 Rc8 16.h4 Na5 17.Ng5 Bf8 18.Bxf8 Rxf8 19.h5 Nc4 20.Qf4 h6 21.Ne4 g5 
22.Qc1 Kg7 23.f4 g4 24.f5 Bxe4 25.Rxe4 exf5 26.Rf4 Nd6 27.Bxf5 Nxf5 28.
Rxf5 Qc7 1/2-1/2

[Event "16th IBM tournament"]
[Site "Amsterdam NED"]
[Date "1976.??.??"]
[Round "5"]
[White "Olafsson, Fridrik"]
[Black "Miles, Anthony John"]
[WhiteElo "2550"]
[BlackElo "2510"]
[Result "1/2-1/2"]
[EventDate "1976.07.??"]
[PlyCount "32"]

1.Nf3 Nf6 2.c4 c6 3.Nc3 d5 4.e3 g6 5.d4 Bg7 6.Be2 O-O 7.O-O Nbd7 8.cxd5 
cxd5 9.Qb3 e6 10.Bd2 Ne4 11.Rfc1 Nxd2 12.Nxd2 Nb8 13.Bb5 Bd7 14.Bxd7 Qxd7 
15.Qb5 Rc8 16.a4 Bf8 1/2-1/2

[Event "16th IBM tournament"]
[Site "Amsterdam NED"]
[Date "1976.??.??"]
[Round "5"]
[White "Sax, Gyula"]
[Black "Donner, Jan"]
[WhiteElo "2530"]
[BlackElo "2475"]
[Result "1-0"]
[EventDate "1976.07.??"]
[PlyCount "35"]

1.e4 e6 2.d4 d5 3.Nc3 Nf6 4.Bg5 Be7 5.e5 Nfd7 6.h4 O-O 7.Bd3 f5 8.g4 c5 9.
gxf5 cxd4 10.f6 Nxf6 11.exf6 Bxf6 12.Qh5 g6 13.Bxg6 Qe7 14.Nb5 Nc6 15.Bd3 
e5 16.Ne2 Kh8 17.Nc7 Qxc7 18.Bxf6+ 1-0

[Event "16th IBM tournament"]
[Site "Amsterdam NED"]
[Date "1976.??.??"]
[Round "5"]
[White "Velimirovic, Dragoljub"]
[Black "Szabo, Laszlo"]
[WhiteElo "2525"]
[BlackElo "2525"]
[Result "0-1"]
[EventDate "1976.07.??"]
[PlyCount "82"]

1.e4 e6 2.d4 d5 3.Nc3 Bb4 4.e5 Qd7 5.a3 Bxc3+ 6.bxc3 b6 7.a4 Ba6 8.Bxa6 
Nxa6 9.Qg4 f5 10.Qh5+ g6 11.Qe2 Nb8 12.h4 h6 13.Nh3 Nc6 14.Nf4 Nge7 15.Ba3
Rg8 16.Bb4 Nxb4 17.cxb4 a5 18.b5 Rc8 19.O-O c6 20.Rab1 Kf7 21.Rfc1 cxb5 
22.Rxb5 Rc6 23.c4 dxc4 24.Rxc4 Rxc4 25.Qxc4 g5 26.hxg5 hxg5 27.Nxe6 Qxe6 
28.d5 Qc8 29.Qf1 Qc3 30.Qd1 Ng6 31.e6+ Kf6 32.d6 Nf4 33.e7 Rh8 34.Rb3 Qc6 
35.Rf3 Ke6 36.g3 Nd5 37.Rd3 Kxd6 38.Qf3 g4 39.Qf4+ Ke6 40.Qd4 Rh1+ 41.Kxh1
Ne3+ 0-1

[Event "16th IBM tournament"]
[Site "Amsterdam NED"]
[Date "1976.??.??"]
[Round "6"]
[White "Boehm, Hans"]
[Black "Ivkov, Borislav"]
[WhiteElo "2425"]
[BlackElo "2520"]
[Result "1/2-1/2"]
[EventDate "1976.07.??"]
[PlyCount "80"]

1.e4 e6 2.d4 d5 3.exd5 exd5 4.Bd3 Nc6 5.c3 Bd6 6.Qf3 Be6 7.Ne2 Nge7 8.Bf4 
Ng6 9.Bxd6 Qxd6 10.Qg3 Qxg3 11.hxg3 Nce7 12.Bxg6 Nxg6 13.Nf4 Nxf4 14.gxf4 
Kd7 15.Nd2 h6 16.Nf1 g5 17.fxg5 hxg5 18.Rxh8 Rxh8 19.Kd2 f5 20.Re1 f4 21.
f3 g4 22.fxg4 Bxg4 23.Re5 Kd6 24.Rg5 Bd7 25.b3 a6 26.Kd3 Rh1 27.Nd2 Ra1 
28.a4 Re1 29.c4 Be6 30.c5+ Ke7 31.Re5 Rg1 32.Nf3 Rxg2 33.Ng5 Rg3+ 34.Kd2 
Re3 35.Rxe3 fxe3+ 36.Kxe3 Bf5 37.Kd2 a5 38.Kc3 Bg4 39.b4 b6 40.cxb6 cxb6 
1/2-1/2

[Event "16th IBM tournament"]
[Site "Amsterdam NED"]
[Date "1976.??.??"]
[Round "6"]
[White "Ligterink, Gert"]
[Black "Velimirovic, Dragoljub"]
[WhiteElo "2400"]
[BlackElo "2525"]
[Result "0-1"]
[EventDate "1976.07.??"]
[PlyCount "80"]

1.e4 e5 2.Nf3 Nc6 3.Bb5 a6 4.Bxc6 dxc6 5.O-O Ne7 6.Nxe5 Qd4 7.Nf3 Qxe4 8.
Re1 Qg6 9.Ne5 Qf5 10.Nc3 f6 11.Nf3 Qh5 12.b3 Bg4 13.Ba3 Bxf3 14.Qxf3 Qxf3 
15.gxf3 Rd8 16.d3 Kf7 17.Bxe7 Bxe7 18.Re2 f5 19.Rd1 Rhe8 20.Rde1 Bf6 21.
Rxe8 Rxe8 22.Rxe8 Kxe8 23.Ne2 Ke7 24.d4 c5 25.dxc5 Kd7 26.Nf4 Kc6 27.Nd3 
Bd4 28.Kf1 Bxc5 29.c4 Bd6 30.h3 b5 31.Ke2 bxc4 32.bxc4 Kb6 33.Kd2 g5 34.
Kc3 Bc5 35.Kb3 Bd4 36.Ka4 h5 37.Kb4 a5+ 38.Kb3 h4 39.Kc2 g4 40.fxg4 fxg4 
0-1